[Event "HUN-chT2 Breyer 1718"]
[Site "Hungary"]
[Date "2017.12.03"]
[Round "5.7"]
[White "Hohl, Matthias"]
[Black "Hajdu, Roland"]
[Result "0-1"]
[WhiteElo "2043"]
[BlackElo "1847"]
[PlyCount "68"]
[EventDate "2017.09.24"]
[EventType "team-tourn"]
[EventRounds "11"]
[EventCountry "HUN"]
[SourceTitle "EXT 2021"]
[Source "ChessBase"]
[SourceDate "2020.10.23"]
[SourceVersion "1"]
[SourceVersionDate "2020.10.23"]
[SourceQuality "1"]
[WhiteTeam "Budapest HASE"]
[BlackTeam "Torokbalint"]
[WhiteTeamCountry "HUN"]
[BlackTeamCountry "HUN"]

1. e4 c5 2. Nf3 Nc6 3. d4 cxd4 4. Nxd4 Nf6 5. Nc3 g6 6. Be3 Bg7 7. f3 d5 8. exd5 Nxd5 9. Nxd5 Qxd5 10. Nxc6 Qxc6 11. Bd4 e5 12. Bc3 0-0 13. Bd3 Rd8 14. Qe2 Bf5 15. Bxf5 gxf5 16. 0-0 Re8 17. Rad1 Rad8 18. Kh1 Rxd1 19. Rxd1 e4 20. Bxg7 Kxg7 21. Qf2 e3 22. Qe2 Qb6 23. c4 f4 24. g3 fxg3 25. hxg3 Re5 26. Kg2 Rh5 27. Rh1 Rg5 28. f4 Rg6 29. Rh5 Qd4 30. Re5 Qxf4 31. Rxe3 h5 32. Kh2 Qd6 33. Re5 h4 34. g4 f6 0-1

[Event "HUN-chT2 Breyer 1617"]
[Site "Hungary"]
[Date "2016.11.27"]
[Round "3.8"]
[White "D Albini, Geza"]
[Black "Hajdu, Roland"]
[Result "1/2-1/2"]
[WhiteElo "1990"]
[BlackElo "1815"]
[PlyCount "25"]
[EventDate "2016.10.30"]
[EventType "team-tourn"]
[EventRounds "9"]
[EventCountry "HUN"]
[SourceTitle "EXT 2021"]
[Source "ChessBase"]
[SourceDate "2020.10.23"]
[SourceVersion "1"]
[SourceVersionDate "2020.10.23"]
[SourceQuality "1"]
[WhiteTeam "Vizugy"]
[BlackTeam "Torokbalint"]
[WhiteTeamCountry "HUN"]
[BlackTeamCountry "HUN"]

1. c4 e6 2. d4 d5 3. e3 Nf6 4. Nc3 Be7 5. Nf3 0-0 6. Bd3 b6 7. 0-0 Bb7 8. Qe2 c5 9. Rd1 Nc6 10. b3 Rc8 11. Bb2 h6 12. Rac1 Nb4 13. dxc5 1/2-1/2

[Event "HUN-chT2 Breyer 1415"]
[Site "Hungary"]
[Date "2015.02.08"]
[Round "?"]
[White "Korodi, Mihaly"]
[Black "Hajdu, Roland"]
[Result "0-1"]
[WhiteElo "1846"]
[BlackElo "1804"]
[PlyCount "148"]
[EventDate "2014.09.07"]
[EventType "team-tourn"]
[EventRounds "11"]
[EventCountry "HUN"]
[SourceTitle "EXT 2016"]
[Source "ChessBase"]
[SourceDate "2015.10.08"]
[SourceVersion "1"]
[SourceVersionDate "2015.10.08"]
[SourceQuality "1"]
[WhiteTeam "Turul"]
[BlackTeam "Torokbalint"]
[WhiteTeamCountry "HUN"]
[BlackTeamCountry "HUN"]

1. e4 c5 2. Nf3 Nc6 3. d4 cxd4 4. Nxd4 Nf6 5. Nc3 d6 6. Be2 g6 7. 0-0 Bg7 8. Be3 0-0 9. Qd2 Ng4 10. Nxc6 bxc6 11. Bg5 Qc7 12. h3 Nf6 13. Rab1 Qa5 14. Nd5 Qd8 15. Nxf6+ Bxf6 16. Bxf6 exf6 17. Rfd1 Qe7 18. Qxd6 Qe6 19. Bg4 Qxa2 20. Qxf6 Bxg4 21. hxg4 Qc4 22. Qd4 Qxc2 23. Rdc1 Qe2 24. f3 Rfd8 25. Qf2 Qb5 26. Rc5 Qb6 27. Rbc1 Rd6 28. e5 Re6 29. g5 Rd8 30. f4 Rd3 31. R1c2 Rd1+ 32. Kh2 Qa6 33. Rc1 Qd3 34. Qc2 Rxc1 35. Qxc1 Qd7 36. Qc3 Qc7 37. Rc4 Qb6 38. Rb4 Qc7 39. Qb3 Re7 40. Qc3 Re6 41. Rd4 c5 42. Rc4 Rc6 43. b4 Qd7 44. bxc5 Qg4 45. Rd4 Rc8 46. Rd6 Qxf4+ 47. g3 Qf2+ 48. Kh3 Rxc5 49. Qb4 Qf1+ 50. Kh2 Qe2+ 51. Kh3 Rxe5 52. Qb8+ Re8 53. Rd8 Qe6+ 54. Kg2 Rxd8 55. Qxd8+ Kg7 56. Qd4+ Kf8 57. Qxa7 Qd5+ 58. Kf2 Qxg5 59. Kg2 Qf6 60. Qc7 h5 61. Qc1 Kg7 62. Qc8 g5 63. Qc5 Kg6 64. Qc8 g4 65. Qb8 h4 66. Qg8+ Kf5 67. Qg7 h3+ 68. Kf2 Qd4+ 69. Kf1 Qd1+ 70. Kf2 Qf3+ 71. Ke1 Qxg3+ 72. Kd2 Qf4+ 73. Ke1 h2 74. Qg8 f6 0-1

[Event "Biatorbagy Gal Memorial 1st"]
[Site "Biatorbagy"]
[Date "2012.12.14"]
[Round "3"]
[White "Hajdu, Roland"]
[Black "Legrady, Laszlo Jr"]
[Result "0-1"]
[WhiteElo "1855"]
[BlackElo "1803"]
[PlyCount "66"]
[EventDate "2012.11.30"]
[EventType "swiss"]
[EventRounds "7"]
[EventCountry "HUN"]
[SourceTitle "EXT 2014"]
[Source "ChessBase"]
[SourceDate "2013.11.20"]
[SourceVersion "1"]
[SourceVersionDate "2013.11.20"]
[SourceQuality "1"]

1. e4 c5 2. Nf3 d6 3. d4 cxd4 4. Nxd4 Nf6 5. Nc3 a6 6. Be3 g6 7. Bc4 Bg7 8. f3 0-0 9. Qd2 Qc7 10. Bb3 Nbd7 11. 0-0 Nc5 12. Kh1 b5 13. Bd5 Bb7 14. Bxb7 Qxb7 15. Bh6 e5 16. Nde2 b4 17. Nd1 d5 18. Bxg7 Kxg7 19. Qg5 Ncd7 20. Ng3 Kh8 21. exd5 Qxd5 22. Ne3 Qc5 23. Rad1 Rad8 24. h4 h5 25. Ne4 Qb6 26. Rd6 Nxe4 27. Qh6+ Kg8 28. Rxb6 Ng3+ 29. Kg1 Nxb6 30. Rf2 Nd5 31. Nc4 Ne7 32. Qc1 Rd4 33. Nxe5 Rxh4 0-1

[Event "HUN-chT2 Breyer 1112"]
[Site "Hungary"]
[Date "2012.04.22"]
[Round "9.9"]
[White "Kovacs, Balazs"]
[Black "Hajdu, Roland"]
[Result "0-1"]
[WhiteElo "1756"]
[BlackElo "1858"]
[PlyCount "143"]
[EventDate "2011.09.25"]
[EventType "team-tourn"]
[EventRounds "11"]
[EventCountry "HUN"]
[SourceTitle "EXT 2013"]
[Source "ChessBase"]
[SourceDate "2012.11.22"]
[SourceVersion "1"]
[SourceVersionDate "2012.11.22"]
[SourceQuality "1"]
[WhiteTeam "Turul"]
[BlackTeam "Torokbalint"]
[WhiteTeamCountry "HUN"]
[BlackTeamCountry "HUN"]

1. e4 c5 2. Nf3 Nc6 3. d4 cxd4 4. Nxd4 Nf6 5. Nc3 d6 6. Bg5 e6 7. f4 Be7 8. Nb3 a6 9. Qf3 h6 10. Bh4 Qc7 11. 0-0-0 0-0 12. g4 e5 13. f5 Nh7 14. Bxe7 Nxe7 15. h4 f6 16. Qd3 Rd8 17. Qc4+ Qxc4 18. Bxc4+ Kf8 19. Nc5 b5 20. Be6 b4 21. N3a4 Nc6 22. Bxc8 Raxc8 23. Ne6+ Ke7 24. Nxd8 Rxd8 25. Nb6 Nf8 26. Rh2 a5 27. Rhd2 Nd4 28. c3 bxc3 29. Nd5+ Kf7 30. Nxc3 Nd7 31. Ne2 Nxe2+ 32. Rxe2 Nc5 33. Rd5 a4 34. Kd2 Ke7 35. Ke3 Rb8 36. Rc2 Rb4 37. Rdxc5 dxc5 38. Rd2 Rd4 39. Rc2 Kd7 40. Rc3 Kc6 41. b3 Kb5 42. bxa4+ Rxa4 43. a3 Rd4 44. Kf3 c4 45. Ke3 Ka4 46. h5 Kb5 47. Kf3 Rd3+ 48. Rxd3 cxd3 49. Ke3 Kc4 50. Kd2 Kd4 51. a4 Kxe4 52. a5 Kd5 53. Kxd3 Kc5 54. Ke4 Kb5 55. Kd5 Kxa5 56. Ke6 e4 57. Kf7 e3 58. Kxg7 e2 59. Kxf6 e1Q 60. Kg7 Qe3 61. Kf7 Qg5 62. f6 Qxg4 63. Ke7 Qg5 64. Kf7 Qxh5+ 65. Kg7 Qg5+ 66. Kf7 h5 67. Ke6 Qg6 68. Ke7 h4 69. f7 Qg7 70. Ke8 h3 71. f8Q Qxf8+ 72. Kxf8 0-1

[Event "HUN-chT2 Breyer 1112"]
[Site "Hungary"]
[Date "2012.03.25"]
[Round "8.10"]
[White "Valis, Janos"]
[Black "Hajdu, Roland"]
[Result "1-0"]
[WhiteElo "2049"]
[BlackElo "1858"]
[PlyCount "63"]
[EventDate "2011.09.25"]
[EventType "team-tourn"]
[EventRounds "11"]
[EventCountry "HUN"]
[SourceTitle "EXT 2013"]
[Source "ChessBase"]
[SourceDate "2012.11.22"]
[SourceVersion "1"]
[SourceVersionDate "2012.11.22"]
[SourceQuality "1"]
[WhiteTeam "Husi"]
[BlackTeam "Torokbalint"]
[WhiteTeamCountry "HUN"]
[BlackTeamCountry "HUN"]

1. e4 c5 2. Nc3 Nc6 3. f4 g6 4. Nf3 Bg7 5. Bc4 e6 6. d3 a6 7. a4 Nge7 8. e5 0-0 9. Ne4 b6 10. 0-0 Nf5 11. g4 d5 12. gxf5 dxe4 13. f6 Bxf6 14. dxe4 Bg7 15. c3 Bb7 16. Qe1 Na5 17. Ba2 c4 18. Nd4 Qd7 19. Bb1 Nc6 20. Nf3 b5 21. Be3 Na5 22. Bc2 Nb3 23. Rd1 Qc7 24. Qf2 bxa4 25. Rd6 Bc6 26. f5 exf5 27. Rxc6 Qxc6 28. exf5 Rfd8 29. Qh4 Rd3 30. fxg6 hxg6 31. Ng5 f5 32. exf6 1-0

[Event "HUN-chT2 Breyer 1112"]
[Site "Hungary"]
[Date "2012.03.11"]
[Round "7.10"]
[White "Hajdu, Roland"]
[Black "Brettschneider, Andras"]
[Result "0-1"]
[WhiteElo "1858"]
[BlackElo "1564"]
[PlyCount "102"]
[EventDate "2011.09.25"]
[EventType "team-tourn"]
[EventRounds "11"]
[EventCountry "HUN"]
[SourceTitle "EXT 2013"]
[Source "ChessBase"]
[SourceDate "2012.11.22"]
[SourceVersion "1"]
[SourceVersionDate "2012.11.22"]
[SourceQuality "1"]
[WhiteTeam "Torokbalint"]
[BlackTeam "Kisber Aszar"]
[WhiteTeamCountry "HUN"]
[BlackTeamCountry "HUN"]

1. e4 e6 2. d4 b6 3. Nc3 Bb7 4. Bd3 Bb4 5. Bd2 Nf6 6. Qe2 0-0 7. Nf3 c5 8. a3 Bxc3 9. bxc3 c4 10. Bxc4 Nxe4 11. 0-0 Nxd2 12. Nxd2 d6 13. Bd3 Nd7 14. Ne4 Nf6 15. Ng3 Re8 16. f4 Rc8 17. c4 d5 18. cxd5 Qxd5 19. Rad1 Qxd4+ 20. Kh1 Qc3 21. Qe3 Qc6 22. Rd2 Qc5 23. Qe5 Ng4 24. Qe2 Ne3 25. Rg1 e5 26. Be4 Bxe4 27. Nxe4 Qc4 28. Nd6 Qxf4 29. Nxe8 Rxe8 30. Rd3 Ng4 31. g3 Nf2+ 32. Kg2 Nxd3 33. Qxd3 Qa4 34. Rf1 e4 35. Qc3 e3 36. Rf4 Qd7 37. Rd4 Qf5 38. Qxe3 Qxc2+ 39. Rd2 Rxe3 40. Rxc2 g6 41. a4 Ra3 42. Rc4 a6 43. Kh3 Kg7 44. Kg4 h5+ 45. Kg5 Ra2 46. h3 b5 47. axb5 axb5 48. Rb4 f6+ 49. Kf4 Ra4 50. Re4 f5 51. Rxa4 bxa4 0-1

[Event "Budapest FS02 FM-C"]
[Site "Budapest"]
[Date "2011.02.14"]
[Round "10"]
[White "Hajdu, Roland"]
[Black "Bohus, Adam"]
[Result "1-0"]
[WhiteElo "1833"]
[BlackElo "1606"]
[PlyCount "78"]
[EventDate "2011.02.05"]
[EventType "tourn"]
[EventRounds "10"]
[EventCountry "HUN"]
[SourceTitle "CBM 140 Extra"]
[Source "ChessBase"]
[SourceDate "2011.03.01"]
[SourceVersion "1"]
[SourceVersionDate "2011.03.01"]
[SourceQuality "1"]

1. e4 c5 2. Nf3 Nc6 3. d4 cxd4 4. Nxd4 Nf6 5. Nc3 e5 6. Ndb5 d6 7. Nd5 Nxd5 8. exd5 Nb8 9. c4 Be7 10. Bd3 0-0 11. Qh5 g6 12. Qe2 a6 13. Nc3 Nd7 14. 0-0 f5 15. f3 a5 16. Be3 Bg5 17. Bf2 Qf6 18. Nb5 Nc5 19. a3 a4 20. Bxc5 dxc5 21. Rfe1 Bd7 22. Qxe5 Qxe5 23. Rxe5 Bf6 24. Re2 Bxb5 25. cxb5 Rad8 26. Bc4 Bd4+ 27. Kh1 Kh8 28. Rae1 f4 29. Re7 Bxb2 30. Rxb7 Rfe8 31. Ree7 Rxe7 32. Rxe7 Bxa3 33. h3 Bb2 34. b6 Rb8 35. b7 a3 36. d6 Bf6 37. Rc7 Bd8 38. Rc8 Rxb7 39. Rxd8+ Kg7 1-0

[Event "Budapest FS02 FM-C"]
[Site "Budapest"]
[Date "2011.02.13"]
[Round "9"]
[White "Hegedus, Peter"]
[Black "Hajdu, Roland"]
[Result "0-1"]
[WhiteElo "1851"]
[BlackElo "1833"]
[PlyCount "70"]
[EventDate "2011.02.05"]
[EventType "tourn"]
[EventRounds "10"]
[EventCountry "HUN"]
[SourceTitle "CBM 140 Extra"]
[Source "ChessBase"]
[SourceDate "2011.03.01"]
[SourceVersion "1"]
[SourceVersionDate "2011.03.01"]
[SourceQuality "1"]

1. e4 c5 2. c3 e6 3. d4 d5 4. exd5 exd5 5. Nf3 Nf6 6. Be3 Ng4 7. Bg5 Be7 8. Bb5+ Nc6 9. Bxe7 Qxe7+ 10. Qe2 Be6 11. h3 Nf6 12. Nbd2 0-0 13. dxc5 Qxc5 14. Nb3 Qb6 15. 0-0 Rfe8 16. Qd3 Ne4 17. Nfd4 a6 18. Ba4 Qc7 19. Bxc6 bxc6 20. Nd2 Nf6 21. Rfe1 c5 22. N4f3 h6 23. b3 a5 24. a3 Rad8 25. Qc2 Qf4 26. Nf1 Bxh3 27. Rxe8+ Rxe8 28. Rc1 Be6 29. Ne3 Ne4 30. c4 d4 31. Nf1 Bg4 32. N3h2 Bf5 33. g3 Qb8 34. g4 Bh7 35. Nf3 Ng3 0-1

[Event "Budapest FS02 FM-C"]
[Site "Budapest"]
[Date "2011.02.06"]
[Round "2"]
[White "Czipp, Janos"]
[Black "Hajdu, Roland"]
[Result "0-1"]
[WhiteElo "1632"]
[BlackElo "1833"]
[PlyCount "65"]
[EventDate "2011.02.05"]
[EventType "tourn"]
[EventRounds "10"]
[EventCountry "HUN"]
[SourceTitle "CBM 140 Extra"]
[Source "ChessBase"]
[SourceDate "2011.03.01"]
[SourceVersion "1"]
[SourceVersionDate "2011.03.01"]
[SourceQuality "1"]

1. c4 e6 2. d4 d5 3. Nc3 Nf6 4. Nf3 b6 5. Bf4 Bb7 6. g3 Be7 7. Bg2 0-0 8. 0-0 a6 9. Nd2 Nbd7 10. Qb3 dxc4 11. Nxc4 Bxg2 12. Kxg2 Nh5 13. Bd2 c5 14. dxc5 Nxc5 15. Qc2 b5 16. Ne5 Qc7 17. Nf3 Rac8 18. Qd1 Rfd8 19. b4 Nb7 20. a3 Bf6 21. Rc1 Bxc3 22. Rxc3 Qe7 23. Qa1 Nf6 24. Rfc1 Rxc3 25. Bxc3 Ne8 26. Be5 f6 27. Bf4 Ned6 28. Rd1 Nc4 29. Rd3 e5 30. Rxd8+ Qxd8 31. Bc1 Qd5 32. e3 Nbd6 33. Qa2 0-1